100 Cities East of the Mississippi Quiz Stats

 Plays Quiz Updated Jan 7, 2019

Support Sporcle.
Go Orange.
Score 0/100 Timer 15:00
7 Plays Today
Rank City % Correct
1New York, New York
98.9%
11Boston, Massachusetts
94.1%
19Miami, Florida
93.4%
2Chicago, Illinois
92.6%
3Philadelphia, Pennsylvania
92.1%
17Atlanta, Georgia
91.1%
12Washington, DC
86.2%
24Pittsburgh, Pennsylvania
85.7%
8Detroit, Michigan
84.6%
62Jackson, Mississippi
84.6%
13Nashville, Tennessee
83.8%
20Cleveland, Ohio
83.1%
36Orlando, Florida
82.6%
10Baltimore, Maryland
82.3%
5Indianapolis, Indiana
81.3%
6Columbus, Ohio
80.4%
54Columbus, Georgia
80.4%
9Memphis, Tennessee
79.4%
22*New Orleans, Louisiana
79%
4Jacksonville, Florida
78.9%
25Cincinnati, Ohio
78.4%
18Raleigh, North Carolina
78.2%
23Tampa, Florida
77.7%
31Buffalo, New York
77.5%
7Charlotte, North Carolina
75.2%
92Charleston, South Carolina
73.1%
47Richmond, Virginia
71.2%
14Louisville, Kentucky
71.1%
61Providence, Rhode Island
69.1%
29Newark, New Jersey
68.7%
68Springfield, Massachusetts
67.3%
95Springfield, Illinois
67.3%
87Hartford, Connecticut
65.9%
56Tallahassee, Florida
65.7%
Rank City % Correct
43Birmingham, Alabama
64.8%
15Milwaukee, Wisconsin
64.3%
85Columbia, South Carolina
60.3%
21*Minneapolis, Minnesota
60.3%
37Madison, Wisconsin
59.5%
28*St. Paul, Minnesota
59.2%
79Savannah, Georgia
58.5%
39Baton Rouge, Louisiana
58.4%
46Montgomery, Alabama
58%
26Lexington, Kentucky
57.1%
44Rochester, New York
56.5%
52Augusta, Georgia
56.4%
60Knoxville, Tennessee
56%
16Virginia Beach, Virginia
55.8%
72Syracuse, New York
55.4%
33Jersey City, New Jersey
54.9%
53Mobile, Alabama
54.2%
40Durham, North Carolina
52.4%
98Lansing, Michigan
52.2%
27Toledo, Ohio
51.8%
75Dayton, Ohio
51.3%
49Akron, Ohio
50.5%
34St. Petersburg, Florida
47.9%
64Fort Lauderdale, Florida
45.8%
83New Haven, Connecticut
45.7%
35Norfolk, Virginia
44.4%
32Fort Wayne, Indiana
41.1%
30Greensboro, North Carolina
40.1%
55Grand Rapids, Michigan
39.8%
51Yonkers, New York
38.5%
99Ann Arbor, Michigan
38.4%
57Worcester, Massachusetts
36.4%
63Chattanooga, Tennessee
35.4%
45Arlington, Virginia
35.2%
Rank City % Correct
38Winston-Salem, North Carolina
33.7%
73Bridgeport, Connecticut
32.8%
77Alexandria, Virginia
32.4%
96Athens, Georgia
32.3%
93Allentown, Pennsylvania
31.3%
58Newport News, Virginia
29.2%
59Huntsville, Alabama
27.4%
69Rockford, Illinois
27.3%
50Aurora, Illinois
27.2%
97Peoria, Illinois
26.8%
94Evansville, Indiana
25.5%
88Gainesville, Florida
23.7%
89Stamford, Connecticut
22.8%
86Elizabeth, New Jersey
22.8%
42Chesapeake, Virginia
22.4%
48Fayetteville, North Carolina
22.3%
41Hialeah, Florida
22.3%
71Paterson, New Jersey
21.2%
70Joliet, Illinois
21.1%
73Naperville, Illinois
18.6%
78Hampton, Virginia
17.6%
80Cary, North Carolina
15.3%
81Warren, Michigan
15.2%
76Hollywood, Florida
15%
65Port St. Lucie, Florida
14.1%
82Clarksville, Tennessee
13.5%
100Waterbury, Connecticut
12.6%
67Cape Coral, Florida
12.3%
84Sterling Heights, Michigan
11.6%
66Pembroke Pines, Florida
11.5%
91Coral Springs, Florida
9%
90Miramar, Florida
6.7%

You're not logged in!

Compare scores with friends on all Sporcle quizzes.
OR
Log In
Forgot?

From the Vault

US City Triples

by THEJMAN

These cities have been divided into perfect thirds. Three cheers for each!
Remove Ads.
Support Sporcle.
Get the best of Sporcle when you Go Orange. This ad-free experience offers more features, more stats, and more fun while also helping to support Sporcle. Thank you for becoming a member.

Show Comments

Extras

Top Quizzes Today


Score Distribution

Your Account Isn't Verified!

In order to create a playlist on Sporcle, you need to verify the email address you used during registration. Go to your Sporcle Settings to finish the process.

Report this User

Report this user for behavior that violates our Community Guidelines.

Details: